[Event "X Weekend A Primavera"]
[Site "Genova ITA"]
[Date "2007.03.25"]
[Round "4"]
[White "Banchio, Davide"]
[Black "Rodriguez Alvarez, Alan"]
[Result "1-0"]
[WhiteElo "1946"]
[BlackElo "2116"]
[PlyCount "63"]
[EventDate "2007.03.23"]

1. e4 c5 2. Nc3 Nc6 3. f4 e6 4. Nf3 g6 5. Bb5 Bg7 6. O-O Nge7 7. d3 O-O 8. Bxc6
Nxc6 9. Qe1 Nd4 10. Nxd4 cxd4 11. Ne2 f5 12. Qb4 Qc7 13. Nxd4 b5 14. Be3 a6 15.
a4 fxe4 16. dxe4 Bb7 17. axb5 e5 18. b6 Qb8 19. fxe5 Qxe5 20. Rxf8+ Bxf8 21.
Qb3+ d5 22. exd5 Bxd5 23. Nf3 Qe6 24. Qd3 Bc4 25. Qd2 Be7 26. b7 Rb8 27. b3 Bb5
28. Nd4 Qf6 29. c4 Bd7 30. Rf1 Qg7 31. Bh6 Qh8 32. Qf4 1-0

[Event "X Weekend A Primavera"]
[Site "Genova ITA"]
[Date "2007.03.25"]
[Round "4"]
[White "Biancotti, Alessandro"]
[Black "Vozza, Nicola"]
[Result "0-1"]
[WhiteElo "1895"]
[BlackElo "1971"]
[PlyCount "108"]
[EventDate "2007.03.23"]

1. e4 e6 2. d4 d5 3. Nd2 Nf6 4. e5 Nfd7 5. Ngf3 c5 6. c3 Nc6 7. Nb3 cxd4 8.
cxd4 Be7 9. Be3 O-O 10. Be2 f6 11. exf6 Nxf6 12. O-O Bd6 13. Rc1 Ne4 14. Bd3 e5
15. Bxe4 dxe4 16. Ng5 exd4 17. Nxd4 Nxd4 18. Qxd4 Qe7 19. Qxe4 Qxe4 20. Nxe4
Be5 21. b3 Bf5 22. Nd2 Bb2 23. Rc7 b5 24. Nf3 a5 25. Bd4 Bxd4 26. Nxd4 a4 27.
Rc5 Bd7 28. Nxb5 axb3 29. axb3 Ra5 30. Rc7 Bxb5 31. Re1 Rfa8 32. g3 Ra1 33.
Rxa1 Rxa1+ 34. Kg2 Rb1 35. Rc3 Bd7 36. Re3 Bc6+ 37. Kh3 Bd5 38. f4 Rxb3 39. Re5
Bc6 40. Kh4 Kf7 41. Rc5 Rb6 42. g4 Bd7 43. Rc7 Ke8 44. Rc3 Rb4 45. Kg3 Be6 46.
h4 Rb3 47. Rxb3 Bxb3 48. f5 Kf7 49. Kf4 Bd1 50. Kg5 Be2 51. h5 h6+ 52. Kf4 Kf6
53. Kg3 Kg5 54. f6 gxf6 0-1

[Event "X Weekend A Primavera"]
[Site "Genova ITA"]
[Date "2007.03.25"]
[Round "4"]
[White "Bitossi, Massimo"]
[Black "Tampoia, Chiara"]
[Result "1/2-1/2"]
[WhiteElo "1815"]
[BlackElo "1602"]
[PlyCount "80"]
[EventDate "2007.03.23"]

1. d4 d5 2. Nc3 Nf6 3. e4 dxe4 4. f3 exf3 5. Nxf3 e6 6. Bd3 Nc6 7. Bg5 Be7 8.
Ne4 Nxe4 9. Bxe7 Nxe7 10. Bxe4 Nd5 11. Qd2 h6 12. O-O O-O 13. Rae1 Nf6 14. Bd3
Bd7 15. Ne5 Be8 16. c3 Rc8 17. Rf2 c5 18. Ref1 Nd7 19. Ng4 Qg5 20. Qe2 h5 21.
Qe4 Qg6 22. Qxb7 Qxd3 23. Nh6+ gxh6 24. Qxc8 cxd4 25. cxd4 Qxd4 26. Qc1 Kh7 27.
Kh1 f5 28. Rd2 Qg7 29. Qc4 Qf7 30. Rfd1 Ne5 31. Qc5 Ng6 32. b4 f4 33. Rf2 Qe7
34. Qa5 e5 35. Rc1 Qh4 36. Qxa7+ Rf7 37. Qc5 e4 38. Rcf1 e3 39. Rc2 Qe7 40.
Qxh5 Qxb4 1/2-1/2

[Event "X Weekend A Primavera"]
[Site "Genova ITA"]
[Date "2007.03.25"]
[Round "4"]
[White "Brun, Dario"]
[Black "Manfredi, Vincenzo"]
[Result "1/2-1/2"]
[WhiteElo "2128"]
[BlackElo "2134"]
[PlyCount "97"]
[EventDate "2007.03.23"]

1. d4 Nf6 2. c4 c5 3. d5 g6 4. Nc3 Bg7 5. e4 O-O 6. Be2 d6 7. Nf3 e6 8. O-O Re8
9. dxe6 Bxe6 10. Bf4 Nc6 11. Bxd6 Qb6 12. e5 Nd7 13. Nb5 Rac8 14. Ng5 Ndxe5 15.
Nxe6 fxe6 16. Bxe5 Bxe5 17. Bf3 Nd4 18. Nxd4 Bxd4 19. Qe2 Rf8 20. Qe4 Rf6 21.
Rae1 Qd6 22. Re2 b6 23. Bg4 Re8 24. Rfe1 e5 25. Bf3 Ref8 26. Qd5+ Kg7 27. Qxd6
Rxd6 28. Rd1 Rdf6 29. h3 h5 30. Rdd2 Kh6 31. b3 g5 32. Re4 Rf4 33. Rde2 R4f7
34. Rd2 a5 35. a4 Rxf3 36. Rdxd4 exd4 37. gxf3 Kg6 38. Kg2 Rd8 39. Kf1 Kf5 40.
Re7 Rd6 41. Re8 d3 42. Ke1 Kf4 43. Rf8+ Ke5 44. Kd2 Rf6 45. Rxf6 Kxf6 46. Kxd3
Kf5 47. Ke3 Ke5 48. f4+ gxf4+ 49. Kd3 1/2-1/2

[Event "X Weekend A Primavera"]
[Site "Genova ITA"]
[Date "2007.03.25"]
[Round "4"]
[White "Caputi, Giuliano"]
[Black "De Florio, Federico"]
[Result "1-0"]
[WhiteElo "1950"]
[BlackElo "2053"]
[PlyCount "109"]
[EventDate "2007.03.23"]

1. Nf3 d5 2. d4 Nf6 3. c4 c6 4. cxd5 cxd5 5. Nc3 g6 6. Bf4 Nc6 7. h3 Bg7 8. e3
O-O 9. a3 Nh5 10. Bh2 f5 11. Qb3 e6 12. Bd3 f4 13. O-O a6 14. Ne2 Bh6 15. Qc2
fxe3 16. Bxg6 exf2+ 17. Kh1 Nf6 18. Bd3 Be3 19. Bg3 Qb6 20. Rad1 Bd7 21. Qb1
Be8 22. Bc2 Bh5 23. Rd3 Bh6 24. Rb3 Qa7 25. Bxf2 Na5 26. Rc3 Bxf3 27. Rxf3 Nc4
28. Rg3+ Kh8 29. Be1 Ne3 30. Rff3 Nxc2 31. Qxc2 Ne4 32. Rg4 Rfc8 33. Qd3 b5 34.
Nc3 Nd6 35. Bh4 Bg7 36. Rxg7 Kxg7 37. Bf6+ Kg8 38. Qe3 Qf7 39. Qg5+ Qg6 40. Qe5
Nf7 41. Qxe6 Re8 42. Qxd5 Re1+ 43. Kh2 Rae8 44. Be5 Qe6 45. Rg3+ Kf8 46. Bg7+
Ke7 47. Qb7+ Kd8 48. Nd5 Re7 49. Bf6 Qd6 50. Bxe7+ Rxe7 51. Nxe7 Nh6 52. Nc6+
Ke8 53. Qc8+ Kf7 54. Ne5+ Kf6 55. Qc6 1-0

[Event "X Weekend A Primavera"]
[Site "Genova ITA"]
[Date "2007.03.25"]
[Round "4"]
[White "Dal Zotto, Lorenzo"]
[Black "Del Nevo, Claudio"]
[Result "1/2-1/2"]
[WhiteElo "1644"]
[BlackElo "1921"]
[PlyCount "98"]
[EventDate "2007.03.23"]

1. e4 d6 2. d4 Nf6 3. Bd3 g6 4. Nf3 Bg7 5. h3 O-O 6. Be3 c6 7. O-O Nbd7 8. Nc3
a6 9. Qd2 b5 10. Ne2 Bb7 11. Ng3 c5 12. e5 dxe5 13. dxe5 Nd5 14. Bh6 c4 15. Be4
e6 16. Bxg7 Kxg7 17. Rfe1 Qe7 18. Rad1 Nc5 19. Bxd5 Bxd5 20. Qf4 Rad8 21. Nh2
f5 22. exf6+ Qxf6 23. Qc7+ Nd7 24. Ng4 Qf4 25. Qxf4 Rxf4 26. Ne3 Nc5 27. Nxd5
exd5 28. Re5 Na4 29. b3 Nc3 30. Rd2 Kf6 31. Re3 Nb1 32. Rde2 Rd6 33. Re8 Kg7
34. R2e6 Rxe6 35. Rxe6 Rf6 36. Re7+ Kh6 37. Ne2 Nd2 38. f3 Nb1 39. Re5 Rd6 40.
Nd4 Nc3 41. a3 Nb1 42. a4 Nc3 43. a5 Nb1 44. Kf2 cxb3 45. cxb3 Nc3 46. Re6 Rxe6
47. Nxe6 Na2 48. Ke3 Nc1 49. b4 Na2 1/2-1/2

[Event "X Weekend A Primavera"]
[Site "Genova ITA"]
[Date "2007.03.25"]
[Round "4"]
[White "Del Noce, Roberto"]
[Black "Badano, Fabio"]
[Result "1/2-1/2"]
[WhiteElo "1881"]
[BlackElo "1804"]
[PlyCount "81"]
[EventDate "2007.03.23"]

1. e4 e6 2. d4 d5 3. e5 c5 4. c3 Nc6 5. Nf3 Qb6 6. Bd3 Bd7 7. O-O cxd4 8. cxd4
Nxd4 9. Nxd4 Qxd4 10. Nc3 Qb6 11. Kh1 Ne7 12. f4 Ng6 13. Qe2 Be7 14. f5 exf5
15. Nxd5 Qd8 16. Nf6+ gxf6 17. exf6 O-O 18. fxe7 Qxe7 19. Qf2 Bc6 20. Bh6 Rfe8
21. Qd4 Qe5 22. Qf2 Qe7 23. Bxf5 Qe2 24. Bh3 Qxf2 25. Rxf2 Re5 26. Bd2 Rae8 27.
Kg1 Re2 28. g3 Rxf2 29. Kxf2 Bb5 30. Re1 Rd8 31. Bc3 Kf8 32. Bg2 Rd7 33. Bf3
Bc4 34. a3 Be6 35. Rc1 Ke8 36. Bb4 Ne7 37. Rc5 Kd8 38. Rh5 Nd5 39. Bxd5 Rxd5
40. Rxd5+ Bxd5 41. Ke3 1/2-1/2

[Event "X Weekend A Primavera"]
[Site "Genova ITA"]
[Date "2007.03.25"]
[Round "4"]
[White "Fabbricini, Dante"]
[Black "Brenco, Marco"]
[Result "0-1"]
[WhiteElo "1502"]
[BlackElo "1922"]
[PlyCount "64"]
[EventDate "2007.03.23"]

1. d4 Nf6 2. Nf3 c5 3. e3 e6 4. Bd3 b6 5. O-O Bb7 6. Nbd2 Be7 7. b3 O-O 8. Bb2
d5 9. Ne5 Ne4 10. Ndf3 f6 11. Ng4 h5 12. Nh4 hxg4 13. Ng6 f5 14. Nxf8 Qxf8 15.
f3 gxf3 16. Rxf3 Bf6 17. Bxe4 dxe4 18. Rh3 Qe8 19. Qe1 Nc6 20. c3 Rd8 21. Qg3
cxd4 22. cxd4 Nb4 23. Rh6 Kf7 24. Rg6 Nd3 25. Ba3 Qc6 26. Rf1 Rh8 27. h4 Rh7
28. Bd6 Bxh4 29. Qg4 Bf2+ 30. Rxf2 Rh1+ 31. Kxh1 Nxf2+ 32. Kg1 Nxg4 0-1

[Event "X Weekend A Primavera"]
[Site "Genova ITA"]
[Date "2007.03.25"]
[Round "4"]
[White "Gallucci, Alessio"]
[Black "Nikolajevic, Tihomir"]
[Result "1-0"]
[WhiteElo "1910"]
[BlackElo "1750"]
[PlyCount "83"]
[EventDate "2007.03.23"]

1. e4 c5 2. Nc3 Nc6 3. f4 d6 4. Nf3 g6 5. Bc4 e6 6. O-O Bg7 7. d3 Nge7 8. Qe1
a6 9. a4 b6 10. Qh4 Nd4 11. Nxd4 Bxd4+ 12. Kh1 Bg7 13. f5 Nc6 14. Bg5 Qc7 15.
Bf6 Bxf6 16. Qxf6 O-O 17. fxe6 Bxe6 18. Bxe6 fxe6 19. Qxe6+ Kg7 20. Nd5 Qd8 21.
Rxf8 Qxf8 22. Qd7+ Qf7 23. Qxc6 Rf8 24. Qc7 Kh6 25. Qxf7 Rxf7 26. Nxb6 Rf2 27.
Rc1 Kg5 28. Kg1 Rf6 29. Rf1 Re6 30. b3 h5 31. Nd5 h4 32. Rf8 a5 33. Kf2 Re5 34.
Rh8 Re6 35. Kf3 Re5 36. c3 Re6 37. d4 cxd4 38. cxd4 Rf6+ 39. Nxf6 Kxf6 40. Rxh4
Ke6 41. Rf4 d5 42. e5 1-0

[Event "X Weekend A Primavera"]
[Site "Genova ITA"]
[Date "2007.03.25"]
[Round "4"]
[White "Gardini, Enrico"]
[Black "Pesce, Leandro"]
[Result "1-0"]
[WhiteElo "1915"]
[BlackElo "1716"]
[PlyCount "65"]
[EventDate "2007.03.23"]

1. e4 c5 2. Nf3 Nc6 3. d4 cxd4 4. Nxd4 e5 5. Nb3 Nf6 6. Bg5 Be7 7. Nc3 h6 8.
Bh4 d6 9. Be2 Be6 10. O-O O-O 11. Re1 Rc8 12. Rc1 a6 13. a3 Qd7 14. Qd3 b5 15.
Bxf6 Bxf6 16. Nd5 Bxd5 17. Qxd5 Nd4 18. Nxd4 exd4 19. f4 Rc5 20. Qb3 Rfc8 21.
Bd3 Qg4 22. Rf1 Qe6 23. Qb4 Rh5 24. h3 g5 25. Be2 Rxh3 26. gxh3 Qxh3 27. Qe1
Qe3+ 28. Qf2 gxf4 29. Qxe3 dxe3 30. c3 Bg5 31. Rcd1 Rc6 32. Rd5 Kg7 33. Rfd1
1-0

[Event "X Weekend A Primavera"]
[Site "Genova ITA"]
[Date "2007.03.25"]
[Round "4"]
[White "Menichini, Massimo"]
[Black "Gnetti, Paolo"]
[Result "1-0"]
[WhiteElo "1566"]
[BlackElo "1671"]
[PlyCount "53"]
[EventDate "2007.03.23"]

1. e4 Nf6 2. Nc3 e5 3. Nf3 Nc6 4. Be2 Bc5 5. O-O d6 6. d3 O-O 7. Bg5 h6 8. Bh4
Bg4 9. h3 Bxf3 10. Bxf3 g5 11. Bg3 Ne7 12. h4 Kg7 13. hxg5 hxg5 14. Qd2 Kg6 15.
Na4 Bb6 16. Nxb6 axb6 17. d4 g4 18. Be2 Nxe4 19. Bd3 f5 20. Bxe4 fxe4 21. Bh4
Rh8 22. Qg5+ Kf7 23. Qf6+ Kg8 24. dxe5 Rh5 25. Qxe7 Qxe7 26. Bxe7 Rxe5 27. Bf6
1-0

[Event "X Weekend A Primavera"]
[Site "Genova ITA"]
[Date "2007.03.25"]
[Round "4"]
[White "Merlo, Andrea"]
[Black "Caridi, Nicolo'"]
[Result "1/2-1/2"]
[WhiteElo "1971"]
[BlackElo "1919"]
[PlyCount "71"]
[EventDate "2007.03.23"]

1. d4 Nf6 2. c4 e6 3. Nc3 Bb4 4. e3 O-O 5. Bd3 d5 6. Nge2 Re8 7. f4 b6 8. O-O
Bb7 9. a3 Bf8 10. b3 g6 11. Bb2 Bg7 12. h3 Nbd7 13. Qc2 c5 14. g4 Qc7 15. Ng3
cxd4 16. exd4 dxc4 17. bxc4 g5 18. Nce4 gxf4 19. Nxf6+ Nxf6 20. g5 fxg3 21.
gxf6 Bh6 22. Bc1 Qc6 23. Bxh7+ Kh8 24. d5 Qc5+ 25. Kg2 Bxc1 26. Qxc1 Kxh7 27.
Qf4 Bxd5+ 28. cxd5 Qxd5+ 29. Rf3 Qh5 30. Qe4+ Qg6 31. Qh4+ Qh6 32. Qb4 Rad8 33.
Rf4 Rd5 34. Raf1 Rh5 35. Qe4+ Qg6 36. Qxg6+ 1/2-1/2

[Event "X Weekend A Primavera"]
[Site "Genova ITA"]
[Date "2007.03.25"]
[Round "4"]
[White "Pedemonte, Claudio"]
[Black "Melling, Jonathon"]
[Result "1/2-1/2"]
[WhiteElo "1928"]
[BlackElo "1545"]
[PlyCount "92"]
[EventDate "2007.03.23"]

1. c4 e5 2. g3 Nf6 3. Bg2 Bc5 4. e3 Nc6 5. Nf3 d5 6. cxd5 Nxd5 7. O-O Bg4 8.
Qa4 Qd7 9. Nc3 Nxc3 10. dxc3 Rd8 11. b4 Bb6 12. c4 a6 13. Bb2 O-O 14. c5 Ba7
15. Rad1 Qe7 16. Rxd8 Rxd8 17. b5 Bxf3 18. Bxf3 axb5 19. Qxb5 e4 20. Bg2 Rb8
21. Qc4 Bxc5 22. Bxe4 Nd8 23. a4 b6 24. Rd1 Ne6 25. Bc2 Ng5 26. Qg4 Rd8 27. h4
Rxd1+ 28. Bxd1 Ne6 29. Bb3 g6 30. Qe4 Nf8 31. Qf3 Bd6 32. Qd5 Nd7 33. Kg2 Be5
34. Qe4 Qd6 35. Qc4 Qf6 36. Ba3 Bd6 37. Bxd6 cxd6 38. Qd5 Nc5 39. Qc4 Nxb3 40.
Qxb3 Qd8 41. Kf3 Qf6+ 42. Ke2 Qd8 43. Qd5 Qc7 44. Kf3 Kf8 45. Ke4 Qc2+ 46. Kf3
Qc7 1/2-1/2

[Event "X Weekend A Primavera"]
[Site "Genova ITA"]
[Date "2007.03.25"]
[Round "4"]
[White "Pesce, Gabriele"]
[Black "Saffioti, Cristian"]
[Result "1-0"]
[WhiteElo "1984"]
[BlackElo "1938"]
[PlyCount "59"]
[EventDate "2007.03.23"]

1. e4 d6 2. Nc3 Nf6 3. d4 Nbd7 4. f4 e5 5. Nf3 exd4 6. Qxd4 Be7 7. Be3 O-O 8.
h3 Nh5 9. g4 Ng3 10. Rg1 Nxf1 11. Rxf1 Bh4+ 12. Bf2 Bxf2+ 13. Rxf2 Re8 14.
O-O-O Nc5 15. f5 b6 16. e5 Bb7 17. exd6 Qxd6 18. Qxd6 cxd6 19. Rxd6 Re3 20. Nd5
Ne4 21. Nxe3 Nxf2 22. Ne5 Re8 23. Rd7 Bh1 24. Nd5 f6 25. Nd3 Nxd3+ 26. cxd3 Kf8
27. Nc7 Bc6 28. Rd6 Ba4 29. Nxe8 Kxe8 30. Kd2 1-0

[Event "X Weekend A Primavera"]
[Site "Genova ITA"]
[Date "2007.03.25"]
[Round "4"]
[White "Rivara, Massimo"]
[Black "Grassi, Pietro"]
[Result "1-0"]
[WhiteElo "1888"]
[BlackElo "2199"]
[PlyCount "135"]
[EventDate "2007.03.23"]

1. e4 e5 2. Nc3 Nc6 3. Bc4 Bc5 4. d3 d6 5. Na4 Bb6 6. Nxb6 axb6 7. c3 Be6 8.
Bxe6 fxe6 9. Qh5+ Kd7 10. Nf3 Nf6 11. Qh3 Qe7 12. O-O Rag8 13. Be3 h6 14. Nd2
g5 15. Qf3 h5 16. d4 g4 17. Qe2 h4 18. f4 gxf3 19. Rxf3 Rg6 20. Raf1 Rh7 21. d5
exd5 22. exd5 Nxd5 23. Ne4 Nxe3 24. Qxe3 Rhg7 25. R1f2 Nd8 26. Nf6+ Kc8 27. Nd5
Qg5 28. Qe2 e4 29. Rf5 Qh6 30. h3 e3 31. Nxe3 Re7 32. R5f4 Qh8 33. Qd2 Rge6 34.
Ng4 Re1+ 35. Kh2 Qh7 36. Rf5 Ra1 37. Ne3 Qh6 38. R5f3 Qe6 39. Rf1 Rxa2 40. Nf5
Qe5+ 41. Kh1 Re8 42. Nxh4 Qb5 43. R3f2 Nc6 44. Nf5 Ne5 45. Nd4 Qd7 46. Qc2 c5
47. Nf5 Kc7 48. Ne3 Qc6 49. Qb3 Raa8 50. Nd5+ Kb8 51. Nxb6 Ra6 52. Nd5 c4 53.
Qd1 Nd3 54. Rf8 Ka7 55. Rxe8 Qxe8 56. Nc7 Qe3 57. Nxa6 bxa6 58. Rf7+ Kb6 59.
Qg1 Qxg1+ 60. Kxg1 Nxb2 61. Rf2 Nd3 62. g4 Ne5 63. g5 Kc5 64. Rf5 Kd5 65. h4
Ke4 66. Rf6 a5 67. g6 Ng4 68. Rxd6 1-0

[Event "X Weekend A Primavera"]
[Site "Genova ITA"]
[Date "2007.03.25"]
[Round "4"]
[White "Vicari, Luigi"]
[Black "Gioseffi, Massimiliano"]
[Result "0-1"]
[WhiteElo "2044"]
[BlackElo "1726"]
[PlyCount "92"]
[EventDate "2007.03.23"]

1. d4 Nf6 2. Nf3 g6 3. c4 Bg7 4. g3 O-O 5. Bg2 d6 6. O-O Nbd7 7. Nc3 e5 8. dxe5
dxe5 9. h3 c6 10. Be3 Qe7 11. Qb3 Re8 12. Rfd1 Nc5 13. Bxc5 Qxc5 14. Ng5 Qe7
15. Nge4 Nxe4 16. Nxe4 Be6 17. Nd6 Reb8 18. Rd2 Bh6 19. e3 f5 20. Rad1 e4 21.
Qa3 Bf8 22. Bf1 b6 23. Qc3 Bg7 24. Qc2 Be5 25. Nxe4 fxe4 26. Qxe4 Bf5 27. Qxc6
Rd8 28. Bg2 Rac8 29. Rxd8+ Rxd8 30. Bd5+ Kg7 31. g4 Be4 32. b3 Qh4 33. Qe6 Bh2+
34. Kf1 Rf8 35. Rd2 Qxh3+ 36. Ke1 Bxd5 37. cxd5 Bg3 38. Qe7+ Rf7 39. Qxf7+ Kxf7
40. fxg3 Qxg3+ 41. Ke2 Qxg4+ 42. Kd3 h5 43. e4 Ke7 44. Rc2 Kd7 45. e5 Qf3+ 46.
Kd4 Qf4+ 0-1

[Event "X Weekend A Primavera"]
[Site "Genova ITA"]
[Date "2007.03.25"]
[Round "5"]
[White "Badano, Fabio"]
[Black "Virgilio, Gianluca"]
[Result "1/2-1/2"]
[WhiteElo "1804"]
[BlackElo "1891"]
[PlyCount "65"]
[EventDate "2007.03.23"]

1. e4 c5 2. Nf3 Nc6 3. d4 cxd4 4. Nxd4 Nf6 5. Nc3 e5 6. Ndb5 d6 7. Bg5 a6 8.
Na3 b5 9. Nd5 Be7 10. Bxf6 Bxf6 11. c3 O-O 12. Nc2 Rb8 13. Bd3 Bg5 14. O-O f5
15. exf5 Bxf5 16. Bxf5 Rxf5 17. Nce3 Rf7 18. Qe2 Bxe3 19. Nxe3 d5 20. Rad1 d4
21. Nc2 Re7 22. Qg4 d3 23. Qe4 Rd7 24. Qxc6 Rb6 25. Qe4 dxc2 26. Qxc2 Rbd6 27.
Rxd6 Rxd6 28. Qb3+ Kh8 29. Qc2 Rd2 30. Qc1 Qd3 31. Qe1 h6 32. Qb1 Qe2 33. Qg6
1/2-1/2

[Event "X Weekend A Primavera"]
[Site "Genova ITA"]
[Date "2007.03.25"]
[Round "5"]
[White "Brenco, Marco"]
[Black "Merlo, Andrea"]
[Result "0-1"]
[WhiteElo "1922"]
[BlackElo "1971"]
[PlyCount "108"]
[EventDate "2007.03.23"]

1. e4 c5 2. Nf3 d6 3. d4 cxd4 4. Nxd4 Nf6 5. Nc3 g6 6. f4 Nc6 7. Nxc6 bxc6 8.
e5 Bg4 9. Be2 Bxe2 10. Qxe2 dxe5 11. fxe5 Nd5 12. e6 f6 13. Nxd5 Qxd5 14. Bf4
Bg7 15. Rd1 Qxa2 16. O-O O-O 17. Rd7 Qxb2 18. Rxe7 Rfe8 19. Rxe8+ Rxe8 20. Qc4
Qb6+ 21. Kh1 Qb5 22. Qxb5 cxb5 23. Re1 Bf8 24. Bd2 b4 25. g4 Bd6 26. Kg2 a5 27.
g5 Kg7 28. c3 b3 29. c4 Be5 30. Bxa5 Rxe6 31. Bc3 Kf7 32. Bxe5 Rxe5 33. Rb1
Rxg5+ 34. Kf3 Rh5 35. Kg3 Rc5 36. Rxb3 Rxc4 37. Re3 g5 38. Rb3 Kg6 39. h3 f5
40. Rb6+ Kh5 41. Rb3 Re4 42. Kf3 Kh4 43. Rb5 Rf4+ 44. Kg2 h5 45. Ra5 g4 46. Ra3
Rb4 47. hxg4 hxg4 48. Ra8 Rb2+ 49. Kg1 f4 50. Ra3 f3 51. Rc3 Kg3 52. Rc1 Rg2+
53. Kh1 Rh2+ 54. Kg1 f2+ 0-1

[Event "X Weekend A Primavera"]
[Site "Genova ITA"]
[Date "2007.03.25"]
[Round "5"]
[White "Caridi, Nicolo'"]
[Black "Menichini, Massimo"]
[Result "1-0"]
[WhiteElo "1919"]
[BlackElo "1566"]
[PlyCount "51"]
[EventDate "2007.03.23"]

1. d4 d5 2. c4 c6 3. Nf3 Nf6 4. Nc3 e6 5. e3 Bd6 6. Ne5 Nbd7 7. f4 O-O 8. Bd2
Bb4 9. Qf3 Bxc3 10. Bxc3 Ne4 11. Bb4 Re8 12. Bd3 Ndf6 13. O-O-O a5 14. Bd2 Qc7
15. Kb1 b6 16. g4 Ba6 17. g5 Nxd2+ 18. Rxd2 Nd7 19. Bxh7+ Kf8 20. Qh5 Nxe5 21.
fxe5 Ke7 22. Rf1 Rf8 23. Rdf2 Ke8 24. Rxf7 Rxf7 25. Bg6 Ra7 26. Qh8+ 1-0

[Event "X Weekend A Primavera"]
[Site "Genova ITA"]
[Date "2007.03.25"]
[Round "5"]
[White "De Florio, Federico"]
[Black "Rivara, Massimo"]
[Result "1-0"]
[WhiteElo "2053"]
[BlackElo "1888"]
[PlyCount "81"]
[EventDate "2007.03.23"]

1. d4 Nf6 2. Nf3 b6 3. e3 Bb7 4. Bd3 g6 5. b3 Bg7 6. Bb2 O-O 7. c4 d5 8. Nc3
Nbd7 9. O-O c5 10. Qe2 Re8 11. Rfd1 a6 12. cxd5 cxd4 13. Nxd4 Ne5 14. Nc6 Bxc6
15. dxc6 Qc8 16. Rac1 Nxc6 17. Na4 Qb7 18. Bxf6 Bxf6 19. Be4 Rac8 20. Qf3 b5
21. Bxc6 Rxc6 22. Qxc6 Qxc6 23. Rxc6 bxa4 24. Rxa6 axb3 25. axb3 Rb8 26. Rb1
Bc3 27. Rc6 Bb4 28. Rbc1 Kg7 29. R6c4 Bd2 30. Rb1 Bb4 31. Kf1 Bd6 32. b4 Kf6
33. b5 Ke6 34. Ke2 Kd5 35. Rc2 h5 36. h3 e5 37. Rd1+ Ke6 38. Rc6 Rd8 39. b6 Ke7
40. Rdxd6 Rxd6 41. b7 1-0

[Event "X Weekend A Primavera"]
[Site "Genova ITA"]
[Date "2007.03.25"]
[Round "5"]
[White "Del Noce, Roberto"]
[Black "Fabbricini, Dante"]
[Result "0-1"]
[WhiteElo "1881"]
[BlackElo "1502"]
[PlyCount "101"]
[EventDate "2007.03.23"]

1. e4 c5 2. Nf3 d6 3. d4 cxd4 4. Nxd4 Nf6 5. Nc3 a6 6. f3 e6 7. Bg5 Qb6 8. Nb3
Nfd7 9. Qd2 Ne5 10. O-O-O Nbc6 11. Be3 Qd8 12. Be2 b5 13. f4 Nc4 14. Bxc4 bxc4
15. Nd4 Nxd4 16. Bxd4 f6 17. Qe2 Qc7 18. g4 Be7 19. h4 Bd7 20. g5 Rb8 21. gxf6
gxf6 22. Qh5+ Kd8 23. Qf7 Rf8 24. Qxh7 Qb7 25. Kd2 d5 26. exd5 exd5 27. Rde1
Be8 28. Qf5 Bc6 29. Rhg1 Rf7 30. Rg8+ Kc7 31. Rxb8 Kxb8 32. Kc1 Qb4 33. Rg1 Qd6
34. Rg8+ Bd8 35. Ne2 Bd7 36. Rxd8+ Kc7 37. Rxd7+ Rxd7 38. Qxf6 Qxf6 39. Bxf6
Rh7 40. Kd2 Kd6 41. Ng3 Ke6 42. Bg5 a5 43. Kc3 Kd6 44. Kd4 Rb7 45. Kc3 Kc5 46.
Nf5 Rd7 47. h5 d4+ 48. Kd2 Kb4 49. Be7+ Kb5 50. h6 Rd5 51. h7 0-1

[Event "X Weekend A Primavera"]
[Site "Genova ITA"]
[Date "2007.03.25"]
[Round "5"]
[White "Gallucci, Alessio"]
[Black "Astengo, Marcello"]
[Result "0-1"]
[WhiteElo "1910"]
[BlackElo "2072"]
[PlyCount "134"]
[EventDate "2007.03.23"]

1. e4 e6 2. d4 d5 3. Nc3 Nf6 4. e5 Ng8 5. f4 c5 6. Nf3 Nc6 7. Ne2 Nh6 8. Ng3
Qb6 9. Bd3 Bd7 10. O-O Nb4 11. Be2 cxd4 12. Kh1 Bc5 13. a3 d3 14. cxd3 Nc6 15.
b4 Bf2 16. Nh5 O-O 17. a4 Bd4 18. Rb1 Nf5 19. Nxd4 Qxd4 20. Bg4 Nce7 21. Bxf5
Nxf5 22. Rf3 Rac8 23. g4 Nh4 24. Rh3 Qf2 25. Rb2 Bxa4 26. Rxf2 Bxd1 27. Bb2 Ng6
28. Rg3 Ne7 29. Rg1 Rc2 30. Rxc2 Bxc2 31. Bd4 Bxd3 32. Ra1 a6 33. Bc5 Re8 34.
Kg1 Nc6 35. Kf2 Rc8 36. Ke3 Bb5 37. Ng3 Nb8 38. Ne2 Nd7 39. Bd6 Rc4 40. Nd4
Rc3+ 41. Kf2 Bc4 42. b5 Rd3 43. bxa6 bxa6 44. Nc6 h6 45. Nb4 Rd2+ 46. Kg3 d4
47. Nxa6 d3 48. Nb4 Rb2 49. Kf3 Nb6 50. Rd1 Rxh2 51. Nxd3 Bd5+ 52. Kg3 Rg2+ 53.
Kh3 Nc4 54. Nb4 Bf3 55. Rf1 Be4 56. Re1 Bb7 57. Nd3 Rd2 58. Nc5 Bd5 59. Be7 Rd4
60. Kg3 Bc6 61. Rb1 Kh7 62. Rb8 Ne3 63. Rf8 Kg6 64. Bd6 Nf1+ 65. Kf2 Rxf4+ 66.
Ke1 Ne3 67. Nxe6 fxe6 0-1

[Event "X Weekend A Primavera"]
[Site "Genova ITA"]
[Date "2007.03.25"]
[Round "5"]
[White "Gioseffi, Massimiliano"]
[Black "Caputi, Giuliano"]
[Result "0-1"]
[WhiteElo "1726"]
[BlackElo "1950"]
[PlyCount "74"]
[EventDate "2007.03.23"]

1. d4 d5 2. c4 c6 3. Nc3 Nf6 4. Nf3 e6 5. e3 Nbd7 6. Qc2 Bd6 7. Bd3 O-O 8. O-O
Re8 9. e4 dxe4 10. Nxe4 Nxe4 11. Bxe4 h6 12. b3 e5 13. dxe5 Nxe5 14. Bb2 Nxf3+
15. Bxf3 Qg5 16. Rfe1 Bf5 17. Qc3 f6 18. Bc1 Qg6 19. Rxe8+ Rxe8 20. Qd2 Bf4 21.
Qd1 Bc2 22. Qf1 Be5 23. Be3 Bxa1 24. Qxa1 Be4 25. Bxe4 Qxe4 26. h3 a5 27. Qe1
a4 28. Qb4 axb3 29. axb3 b5 30. Qc3 Rd8 31. cxb5 cxb5 32. b4 Qc4 33. Qb2 h5 34.
Kh2 h4 35. Kh1 Rd1+ 36. Kh2 Qf1 37. Qb3+ Kh8 0-1

[Event "X Weekend A Primavera"]
[Site "Genova ITA"]
[Date "2007.03.25"]
[Round "5"]
[White "Grassi, Pietro"]
[Black "Dal Zotto, Lorenzo"]
[Result "0-1"]
[WhiteElo "2199"]
[BlackElo "1644"]
[PlyCount "86"]
[EventDate "2007.03.23"]

1. e4 e5 2. Nf3 d6 3. d4 Nd7 4. Bc4 c6 5. O-O Be7 6. Nc3 h6 7. Be3 Ngf6 8. h3
Qc7 9. Nd2 g5 10. Bb3 Nf8 11. Nc4 Ng6 12. dxe5 dxe5 13. Qe2 Rg8 14. f3 Nf4 15.
Bxf4 gxf4 16. Kh2 Nh5 17. Qd3 Be6 18. Ne2 b5 19. Na3 Rd8 20. Nxb5 cxb5 21.
Qxb5+ Qd7 22. Qa6 Bxb3 23. axb3 Rg6 24. Qxa7 Qxa7 25. Rxa7 Rd2 26. Ra8+ Bd8 27.
Kh1 Rgd6 28. Re1 Rxe2 29. Rg1 Ng3+ 30. Kh2 Rdd2 31. h4 h5 32. c4 Rxb2 33. b4
Rbd2 34. c5 Ke7 35. b5 Rf2 36. b6 Ra2 37. Rc8 Kd7 38. b7 Bc7 39. c6+ Kd6 40.
Kh3 Nf1 41. Rh1 Rxg2 42. Rd8+ Kxc6 43. b8=N+ Bxb8 0-1

[Event "X Weekend A Primavera"]
[Site "Genova ITA"]
[Date "2007.03.25"]
[Round "5"]
[White "Gromovs, Sergejs"]
[Black "Brun, Dario"]
[Result "1-0"]
[WhiteElo "2347"]
[BlackElo "2128"]
[PlyCount "66"]
[EventDate "2007.03.23"]

1. d4 d5 2. Nf3 Nf6 3. c4 c6 4. Nc3 dxc4 5. a4 Bg4 6. Ne5 Bh5 7. Nxc4 e6 8. Qb3
Na6 9. e3 Nb4 10. Bd2 Bg6 11. Rc1 a5 12. Ne5 Bd6 13. Nxg6 hxg6 14. Bc4 Nfd5 15.
g3 Qb6 16. O-O O-O-O 17. Nb5 cxb5 18. Bxd5+ Kb8 19. Bg2 Rh5 20. Rfd1 Rdh8 21.
h4 bxa4 22. Qxa4 Qb5 23. Qxb5 Rxb5 24. Bf1 Rf5 25. e4 Rfh5 26. Be2 R5h7 27. d5
exd5 28. exd5 Rd8 29. Bg5 Rc8 30. Rxc8+ Kxc8 31. Bb5 Rh8 32. Be3 f5 33. Kg2
33... Rd8 {...} 1-0

[Event "X Weekend A Primavera"]
[Site "Genova ITA"]
[Date "2007.03.25"]
[Round "5"]
[White "Manfredi, Vincenzo"]
[Black "De Santis, Alessio"]
[Result "1/2-1/2"]
[WhiteElo "2134"]
[BlackElo "2307"]
[PlyCount "112"]
[EventDate "2007.03.23"]

1. d4 d6 2. Nf3 g6 3. c4 Bg7 4. Nc3 Nd7 5. h4 h5 6. e4 c5 7. d5 Nh6 8. Be2 a6
9. Bf4 Qa5 10. a4 Ng4 11. O-O Nde5 12. Ng5 Nh6 13. Bd2 Qc7 14. a5 b6 15. Ra3
bxa5 16. Nb1 Rb8 17. Bxa5 Qb7 18. Bc3 O-O 19. Nd2 Neg4 20. Bxg7 Kxg7 21. Rb3
Qc7 22. Rxb8 Qxb8 23. b3 Qb4 24. Qc2 f6 25. Ngf3 Nf7 26. Ra1 Nge5 27. Ne1 Rh8
28. Ra4 Qb6 29. Qc3 Bd7 30. Ra2 Rb8 31. Qg3 Rh8 32. f4 Ng4 33. Nd3 Bc8 34. Ra1
Qb7 35. Rf1 Qc7 36. Bxg4 Bxg4 37. Qe3 Qa5 38. e5 Qc3 39. Re1 Bf5 40. exf6+ exf6
41. Nc1 Qxe3+ 42. Rxe3 Rd8 43. Re7 Rd7 44. Re8 Rd8 45. Rxd8 Nxd8 46. Nf1 Nf7
47. Ne3 Bd7 48. Kf2 Kf8 49. Ne2 Ke7 50. Ng3 Nh6 51. Ke2 f5 52. Kd2 Ng8 53. Nh1
Nf6 54. Nf2 a5 55. Kc3 Kd8 56. Kb2 a4 1/2-1/2